Central Library OPAC University of Rajshahi

The economics of crime / (Record no. 4792)

MARC details
000 -LEADER
fixed length control field 00778cam a2200253 4500
001 - CONTROL NUMBER
control field 4792
003 - CONTROL NUMBER IDENTIFIER
rucl marc code BD-RjUL
005 - DATE AND TIME OF LATEST TRANSACTION
control field 20211208233945.0
008 - FIXED-LENGTH DATA ELEMENTS--GENERAL INFORMATION
fixed length control field 131223s1973 ilua 000 0 eng
020 ## - INTERNATIONAL STANDARD BOOK NUMBER
International Standard Book Number 0030891639
035 ## - SYSTEM CONTROL NUMBER
System control number (BD-RjUL)4827
040 ## - CATALOGING SOURCE
Original cataloging agency DLC
Transcribing agency DLC
Modifying agency DLC
Language of cataloging eng
041 ## - LANGUAGE CODE
Language code of text/sound track or separate title eng
082 00 - DEWEY DECIMAL CLASSIFICATION NUMBER
Classification number 338.43
Author mark and year ROE 1973
100 1# - MAIN ENTRY--PERSONAL NAME
Personal name Rogers, A. J.
Fuller form of name (Augustus James),
Dates associated with a name 1929-
9 (RLIN) 15117
245 14 - TITLE STATEMENT
Title The economics of crime /
Statement of responsibility, etc. A. J. Rogers III. With nasty but brilliant comments by Frank P. Besag.
260 ## - PUBLICATION, DISTRIBUTION, ETC. (IMPRINT)
Place of publication, distribution, etc. Hinsdale, Ill. :
Name of publisher, distributor, etc. Dryden Press,
Date of publication, distribution, etc. c1973.
300 ## - PHYSICAL DESCRIPTION
Pagination vi, 182 p. ;
Illustrations illus. ;
Size 23 cm.
650 #0 - SUBJECT ADDED ENTRY--TOPICAL TERM
Topical term or geographic name as entry element Crime
General subdivision Economic aspects
Geographic subdivision United States.
9 (RLIN) 15118
700 1# - ADDED ENTRY--PERSONAL NAME
Personal name Besag, Frank P.
942 ## - ADDED ENTRY ELEMENTS (KOHA)
Source of classification or shelving scheme Dewey Decimal Classification
Koha item type Books
Holdings
Lost status Source of classification or shelving scheme Damaged status Not for loan Collection code Permanent Location Current Location Shelving location Date acquired Source of acquisition Total Checkouts Full call number Date last seen Copy number Koha item type
  Dewey Decimal Classification     Non-fiction Central Library, University of Rajshahi Central Library, University of Rajshahi   29/10/1992 Asia Foundation   338.43 ROE 1973 23/12/2013 C-2 Books
  Dewey Decimal Classification   Not For Loan Non-fiction Central Library, University of Rajshahi Central Library, University of Rajshahi Reading Room 29/10/1992     338.43 ROE 1973 28/12/2016 C-1 Books